000 00485nam a2200169 4500
001 132779
003 ES-MaACL
005 20230906194241.0
007 t|
008 070214s1936 fr r ||||1| fre d
100 1 _aRosenberg, Arthur.
_999721
245 1 0 _aHistoire du bolchevisme /
_cArthur Rosenberg ; traduit par Armand Pierhal.
260 _aParis :
_bBernard Grasset,
_c1936.
300 _a313 p. ;
_c19 cm.
700 1 _aPierhal, Armand.
_991939
852 _aES-MaACL
_jA-4232
999 _c132779
_d132779